000 00831nam a22001937a 4500
005 20240108141845.0
010 _aHIN-126545
020 _a9789391993085
_c1500.00
035 _aHN-98891
037 _bDBAD/PUB
082 _a781.68
100 _aकौशल कुमारी
_960746
245 _aसंगीत प्रवाह:
_bगायन -सितार -तबला/
_cकौशल कुमारी
260 _aनई दिल्ली
_bसत्यम पब्लिशिंग हाउस
_c2022
270 _aएन -3/25 मोहन गार्डन उत्तम नगर
_bनई दिल्ली
_e110059
300 _a390 पृष्ठ;
_c22cm (सजिल्द)
700 _eअन्य लेखक
_959828
942 _cHN
_h781.68
_2ddc
_mकौशल
999 _c199639
_d199639